| 000 | 00612 a2200205 4500 | ||
|---|---|---|---|
| 005 | 20240503141541.0 | ||
| 010 | _aB-758856 | ||
| 020 |
_a09198290128 _c0.00 |
||
| 035 | _aB-758856 | ||
| 037 | _bGift/Unesco | ||
| 082 | _a330.954 | ||
| 100 |
_aDreze, Jean _965612 |
||
| 245 |
_aIndia Economic Development and Social Opportunity/ _bJean Dreze [and] Amartya Sen |
||
| 260 |
_aDelhi _bOxford _c1995 |
||
| 270 | _a Delhi | ||
| 300 |
_a292 p.; _c22cm. (Hb) |
||
| 700 |
_aSen, Amartya _965613 |
||
| 942 |
_adpl _cEN _2ddc _h330.954 _mSEN |
||
| 999 |
_c202633 _d202633 |
||